Statistics for Solve Equation y = x² - x

Click here to take the quiz!

General Stats

  • This quiz has been taken 45 times
  • The average score is 11 of 12

Answer Stats

x =y =% Correct
10
100%
412
100%
22
100%
36
100%
520
97%
742
94%
630
91%
856
91%
972
80%
1090
80%
11110
77%
12132
69%

Score Distribution

Percentile by Number Answered

Percent of People with Each Score

Your Score History

You have not taken this quiz